000 00671nam a2200289Ia 4500
005 20260324122945.0
008 008 260324s9999 xx 000 0 eng d
020 _a9780367648008
037 _aEBOOK
040 _aCRL
040 _beng
040 _cCRL
041 _2eng
041 _aeng
084 _qCRL
100 _aRick Krohn; David Metcalf
_91160977
245 0 _amHealth
245 0 _bFrom Smartphones to Smart Systems
260 _bTaylor and Francis
260 _c2012
365 _a
365 _b295
856 _uhttp://www.taylorfrancis.com/books/9780367648008
942 _cEBOOK
999 _c1761584
_d1761584